000
00317nam a2200121Ia 4500
005
20251222154342.0
008
251222s9999||||xx |||||||||||||| ||spa||
082
_a
150.195/F83E
100
_a
"Freud, Sigmund"
245
0
_a
Ensayos sobre la vida sexual y la teoría de las neurósis
250
_a
8a.ed.
942
_c
LIB
999
_c
34561
_d
34561